000 00474nam a22001937a 4500
003 MPLRDC
005 20220104143413.0
008 210129b ||||| |||| 00| 0 eng d
020 _a957-522-159-1
082 _a848.2 JX v.9
100 _a蒋勋著
245 _a岛屿独白
_c
250 _a初版五刷
260 _a
_b联合文学出版社有限公司
_c1997
300 _b
490 _a联合文学;135
650 _a现代别集
942 _cBK
_o848.2 JX v.9
999 _c39569
_d39559